Guess the Capital City from Flag 3 - Statistics

General Stats
  • This quiz has been taken 29 times
  • The average score is 17 of 20
Answer Stats
Picture Answer % Correct
Stockholm
100%
Brussels
95%
Copenhagen
95%
Kingston
95%
Mexico City
95%
Warsaw
95%
Port au Prince
90%
Pristina
90%
Tirana
90%
Gaborone
86%
Luxembourg City
86%
Moscow
86%
Ashgabat
81%
Khartoum
76%
Maputo
76%
Brazzaville
71%
Lilongwe
71%
Sucre, La Paz
71%
Libreville
67%
Jerusalem, Ramallah
43%
No matching quizzes found
Score Distribution
Percent of People with Each Score
Percentile by Number Answered
Your Score History
You have not taken this quiz